Capitals of the Countries that Start with M - Statistics

General Stats
  • This quiz has been taken 237 times
    201 since last reset
  • The average score is 14 of 17
Answer Stats
Country Capital % Correct
Mexico Mexico City
97%
Monaco Monaco
97%
Malaysia Kuala Lumpur
95%
Morocco Rabat
95%
Mongolia Ulaanbaatar
94%
Malta Valletta
94%
Madagascar Antananarivo
89%
Moldova Chișinău
89%
Maldives Malé
89%
Montenegro Podgorica
87%
Malawi Lilongwe
77%
Mali Bamako
75%
Mozambique Maputo
75%
Myanmar Naypyidaw
74%
Mauritius Port Louis
74%
Mauritania Nouakchott
68%
Marshall Islands Majuro
61%
No matching quizzes found
Score Distribution
Percent of People with Each Score
Percentile by Number Answered
Your Score History
You have not taken this quiz since the last reset